00456 2200169 4500001002100000005001500021008004100036035001900077041000700096082000800103090001400111100002000125245003600145260004200181300002000223650004300243INLIS00000000001739020241224115313241224||||||||| | ||| |||| || |  0010-1224017390 aid0 a639 a639 MUL m0 aMuladi Indrajit00aMENGENAL PENYU DAN KEHIDUPANNYA ajakarta baratbPT. Bintang Ilmuc2006 a25hlm;17,5x25cm 0aPertanian Dan Teknologi Yang Berkaitan